Study on the scientific development of natural rubber industry in Yunnan province (Record no. 69874)

MARC details
000 -LEADER
fixed length control field 00641nam a2200157Ia 4500
100 ## - MAIN ENTRY--AUTHOR NAME
Personal name Qin Li
245 #0 - TITLE STATEMENT
Title Study on the scientific development of natural rubber industry in Yunnan province
260 ## - PUBLICATION, DISTRIBUTION, ETC. (IMPRINT)
Name of publisher Climate Change, Low Carbon Economy and Sustainable Natural Rubber Industry: Preprints of Proceedings of IRRDB International Rubber Conference 2010, 18-19 October 2010 Sanya, Hainan, China, pp. 670-678.
650 ## - SUBJECT ADDED ENTRY--TOPICAL TERM
Topical Term Regression analysis
650 ## - SUBJECT ADDED ENTRY--TOPICAL TERM
Topical Term Regression forecasting
650 ## - SUBJECT ADDED ENTRY--TOPICAL TERM
Topical Term Scientific development study
700 ## - ADDED ENTRY--PERSONAL NAME
Personal name Deyun Ma
700 ## - ADDED ENTRY--PERSONAL NAME
Personal name Weiqiang Chen
942 ## - ADDED ENTRY ELEMENTS (KOHA)
Koha item type Journals
Holdings
Withdrawn status Lost status Damaged status Not for loan Home library Current library Shelving location Date acquired Koha item type
      Journals RRII Library RRII Library Economics 16/08/2012 Journals